000 00369nam a2200169Ia 4500
003 0100
008 130303s9999 xx 000 0 und d
040 _cARRUPELIB
050 _aBL1420.H81951
100 _aHumphreys, Christmas
245 _aBuddhism
260 _aBaltimore, Maryland
260 _bPenguin Books
260 _C1951
300 _a256p
942 0 0 _01
999 _c55340
_d55340